| 000 | 00447nam a22001697a 4500 | ||
|---|---|---|---|
| 005 | 20251108165900.0 | ||
| 008 | 250721s1990 xx 000 0 ara d | ||
| 082 | 1 | 4 | _aط/784.62/ظاه |
| 100 | 1 | _aالظاهر، محمد | |
| 245 | 1 | 0 |
_aيلا نغني : _bأغاني للأطفال / |
| 264 | 1 |
_aعمان : _c1990. |
|
| 300 | _a16ص + شريط | ||
| 650 | 1 | 7 | _aالغناء |
| 650 | 1 | 7 | _aالأطفال |
| 942 |
_2ddc _cBK |
||
| 999 |
_c33817 _d33817 |
||